000 00436nam a2200169Ia 4500
008 230711s9999||||xx |||||||||||||| ||und||
020 _a978-0-07-132120-4
041 _aENG
082 _a621.317
_bHA-P
100 _aHart,Daniel W
245 0 _aPower electronics
250 _a1st Ed.
260 _c2011
_aNew Delhi
_bMcGraw Hill Education(India) Private Limited
300 _a477p.
650 _aElectrical Engineering
942 _cBK
999 _c6241
_d6241